A vida é uma praia (Registo nº 20183)
[ vista simples ]
| 000 -Etiqueta do registo | |
|---|---|
| Valores | 00493nam a22001691i 4500 |
| 010 ## - Número ISBN | |
| ISBN | 9789898228079 |
| 090 ## - | |
| -- | 20183 |
| 100 ## - Dados gerais de processamento | |
| Dados gerais | 20170304u u u0frey50 ba |
| 101 0# - Língua de publicação | |
| -- | por |
| 200 1# - Titulo e menção de responsabilidade | |
| Primeira menção de responsabilidade | Alexandra Massey |
| Título próprio | A vida é uma praia |
| Informação de outro título | mantenha a sensação de férias durante todo o ano |
| 210 ## - Publicação | |
| Nome do editor | Quinta Essência |
| Local de publicação | Alfragide |
| Data de publicação | 2009 |
| 215 ## - Descrição física | |
| Paginação / Volumes | 205, [3] p. |
| Dimensões | 24 cm |
| 700 #1 - Autor principal (pessoa individual) | |
| Apelido | Massey |
| Nome | Alexandra |
| -- | 070 |
| 702 #1 - Autor secundário (pessoa individual) | |
| Apelido | Lucas |
| Nome | Ana Glória |
| -- | 730 |
| ID Autoridade | 4997 |
| 801 ## - Fonte de origem | |
| País | PT |
| Regras de catalogação | RPC |
| 990 ## - Elementos KOHA | |
| Tipo de documento | Livro |
| Situação do levantamento | Estado | Biblioteca de origem | Biblioteca de empréstimo | Código de barras | Cota | Permissão de empréstimo | Tipo de documento |
|---|---|---|---|---|---|---|---|
| Completo | Biblioteca Municipal de Viana Do Alentejo | Biblioteca Municipal de Viana Do Alentejo Pólo Alcáçovas | 0018948 | 159.9 MAS | Disponível | Livro |